Word in the Cave (Record no. 10571)

MARC details
000 -LEADER
fixed length control field 00422nam a2200169 a 4500
020 ## - INTERNATIONAL STANDARD BOOK NUMBER
ISBN 8185574
082 00 - DEWEY DECIMAL CLASSIFICATION NUMBER
Classification number 291.172
Author Cutter KAL
100 ## - MAIN ENTRY--AUTHOR NAME
Author name Kalliath, Antony
245 ## - TITLE STATEMENT
Title Word in the Cave
260 ## - PUBLICATION, DISTRIBUTION, ETC. (IMPRINT)
Place of publication Delhi
Name of publisher Intercultural Publications
Year of publication 1996
300 ## - PHYSICAL DESCRIPTION
Number of Pages 468p.
500 ## - GENERAL NOTE
General note includes index and biblioraphy
505 2# - FORMATTED CONTENTS NOTE
Formatted contents note Index
650 ## - SUBJECT ADDED ENTRY--TOPICAL TERM
Topical Term Reconciliation-Interfaith
942 ## - ADDED ENTRY ELEMENTS (KOHA)
Koha item type Books
700 1# -
-- Kalliath, Antony
Holdings
Home library Current library Date acquired Cost, normal purchase price Full call number Accession Number Koha item type
Henry Martyn Institute Library Henry Martyn Institute Library 09/30/2010 400.00 291.172 KAL 018307 Books
                   Copyright © 2026 | Henry Martyn Institute | Hyderabad | TS-500052 | INDIA | Implemented by hmi.edu.in
Hit-Count:

Powered by Koha